/Epigramy./

Bibliographic Details
Main Author: Lacina, Václav, 1906-1993 (Author)
Other Authors: Janovic, Tomáš, 1937-2023 (Translator)
Format: Article
Language:Slovak
Subjects:

MARC

LEADER 00000nab a2200000 a 4500
001 vtls000252088
003 SK-MaSNL
005 20260303201422.0
008 160201c1985 xo 0 slo
015 |a SNBRB19rr/mm-uuuuu 
035 |a CL0262202 
040 |a SNKBUCL  |b slo  |c SNKBUCL  |e AACR2 
041 0 |a slo 
044 |a xo  |c SK 
080 |a 885.0-1  |2 1981 
100 1 |a Lacina, Václav,  |d 1906-1993  |4 aut  |9 238814 
245 1 0 |a /Epigramy./  |c Václav Lacina ; Tomáš Janovic 
500 |a Názvy epigramov: Učenlivý vnúčik, Nula, Malý smútok, Lopta. 
650 0 7 |a epigramy  |2 snkbucl  |9 75613 
655 7 |a články z novín a časopisov  |2 snkbucl  |9 267496 
655 7 |a články z odboru literárna veda a krásna literatúra  |2 snkbucl  |9 770045 
700 1 |a Janovic, Tomáš,  |d 1937-2023  |4 trl  |9 103580 
773 0 |t Roháč  |g Roč. 39, č. 29 (1985), s. 6 
850 |a Slovenská národná knižnica v Martine  |a MTA001 
852 |a SNK  |b KIS3GCP 
958 |a RK 
958 |a CZ 
958 |a LX 
992 |a RBX 
999 |c 2173937  |d 2175867